| 000 | 00686nam a22001937a 4500 | ||
|---|---|---|---|
| 005 | 20251108164221.0 | ||
| 008 | 250721s1975 xx 000 0 ara d | ||
| 082 | 1 | 4 | _a780.9/سلي |
| 100 | 1 | _aالحلو، سليم | |
| 245 | 1 | 0 |
_aتاريخ الموسيقى الشرقيه : _bتاريخ موسيقات العالم أجمع في آلاتها و سلالمها الموسيقيه و أصل نشوئها ... / |
| 264 | 1 |
_aبيروت : _bدار مكتبة الحياه، _c1975. |
|
| 300 | _a319ص : مص | ||
| 490 | 0 | _aالموسوعه الموسيقيه | |
| 650 | 1 | 7 | _aالموسيقى |
| 650 | 1 | 7 | _aالتاريخ |
| 650 | 1 | 7 | _aالنقد |
| 942 |
_2ddc _cBK |
||
| 999 |
_c6617 _d6617 |
||